000 00972nam a2200217Ii 4500
003 JO-AjNU
008 230605s9999||||xx |||||||||||||| ||und||
020 _a978-9774-731495
040 _aJO-AjNU
_bara
_erda
_cJO-AjNU
041 _aara
050 1 4 _aHF499.H377 2015
100 3 _aحسنين، ناصر جلال,
_eauthor
_952005
245 0 0 _aالعلاقة الاقتصادية المصرية مع دول السوق المشتركة لشرق و جنوب إفريقيا ( الكوميسا ) ( الفرص و التحديات )
264 3 1 _aالقاهرة: المنظمة العربية للتنمية الادارية، 2015
300 _a72ص
_bيحتوي على ببلوغرافية من 62-72ص
336 _atext
_btxt
_2rdacontent
337 _aunmediated
_bn
_2rdamedia
338 _avolume
_bnc
_2rdacarrier
490 0 _aاصدار خاص عن المجلة العربية للادارة
650 4 _aالعلاقات الاقتصاديه - مصر 
_952006
999 _aA23011
_c26579
_d26579